Escena, máscaras y psicología: una entrevista a Mario Buchbinder /
El texto reconstruye una entrevista realizada a Mario Buchbinder en una visita realizada a Cuba como profesor invitado de la Maestría de Psicodrama y procesos grupales de la Universidad de la Habana. Mario es poeta, especialista en trabajo corporal y expresivo, además de médico psicoanalista y psico...
Zapisane w:
| 1. autor: | |
|---|---|
| Format: | Texto |
| Język: | Spanish |
| Hasła przedmiotowe: | |
| Etykiety: |
Dodaj etykietę
Nie ma etykietki, Dołącz pierwszą etykiete!
|
MARC
| LEADER | 00000 a a2200000 04500 | ||
|---|---|---|---|
| 001 | 45856 | ||
| 003 | cru CIDCACS/IIS | ||
| 005 | 20231020062557.0 | ||
| 008 | 170830b xxu||||| |||| 00| 0 spa d | ||
| 999 | |c 17889 |d 17889 | ||
| 040 | |c CRAI/IIS |a CRAI/IIS | ||
| 100 | |a Pañellas, Daybel | ||
| 245 | |a Escena, máscaras y psicología: |b una entrevista a Mario Buchbinder / |c Daybel Pañellas | ||
| 520 | |a El texto reconstruye una entrevista realizada a Mario Buchbinder en una visita realizada a Cuba como profesor invitado de la Maestría de Psicodrama y procesos grupales de la Universidad de la Habana. Mario es poeta, especialista en trabajo corporal y expresivo, además de médico psicoanalista y psicodramatista. Tiene publicados importantes ensayos y codirige el Instituto de la Máscara, institución que articula diversos campos como el psicoterapéutico, corporal, psicoanálisis, psicodrama, grupal, creatividad y máscaras. En la entrevista se retoma las conceptualización de Buchbindeer sobre la relación máscaras – subjetividad, psicología – escena, teatro – cura y rol – personal, así como parte de su trabajo y motivaciones. KDV/300817 | ||
| 650 | 1 | 0 | |a PSICOLOGIA |9 3105 |
| 650 | 0 | |9 5301 |a GRUPOS | |
| 650 | 0 | |a PSICOANALISIS |9 5457 | |
| 650 | 0 | |9 5458 |a CREATIVIDAD | |
| 650 | 1 | 0 | |9 1755 |a TEATRO |
| 650 | 0 | |9 5459 |a POESÍA | |
| 650 | 0 | |9 5460 |a MASCARAS | |
| 650 | 0 | |9 5348 |a SUBJETIVIDAD | |
| 650 | 0 | |9 5461 |a ROLES | |
| 651 | 4 | |9 1846 |a CUBA | |
| 773 | |g número59 (2011), páginas 48-52 | ||
| 942 | |2 ddc |c PP | ||
